Farm credit through cooperatives in India : A case study of a region in Andhra Pradesh (Record no. 14078)
[ view plain ]
| 000 -LEADER | |
|---|---|
| fixed length control field | 00522nam a2200145Ia 4500 |
| 082 ## - DEWEY DECIMAL CLASSIFICATION NUMBER | |
| Classification number | TR.0117 |
| 100 ## - MAIN ENTRY--AUTHOR NAME | |
| Personal name | Reddy, S. Rami |
| 245 #0 - TITLE STATEMENT | |
| Title | Farm credit through cooperatives in India : A case study of a region in Andhra Pradesh |
| 260 ## - PUBLICATION, DISTRIBUTION, ETC. (IMPRINT) | |
| Year of publication | 1976 |
| Name of publisher | Andhra University |
| 300 ## - PHYSICAL DESCRIPTION | |
| Number of Pages | 314p. + C D - 52 |
| 650 ## - SUBJECT ADDED ENTRY--TOPICAL TERM | |
| Topical Term | AGRICULTURAL COOPERATIVE CREDIT ASSOCIATIONS - ANDHRA PRADESH - VISHAKHAPATNAM DISTRICT |
| 650 ## - SUBJECT ADDED ENTRY--TOPICAL TERM | |
| Topical Term | AGRICULTURAL CREDIT - ANDHRA PRADESH - VISHAKHAPATNAM DISTRICT |
| 710 ## - ADDED ENTRY--CORPORATE NAME | |
| Corporate name or jurisdiction name as entry element | Ramana, K.V. |
| 942 ## - ADDED ENTRY ELEMENTS (KOHA) | |
| Koha item type | Thesis |
| Source of classification or shelving scheme | Dewey Decimal Classification |
| Withdrawn status | Lost status | Damaged status | Not for loan | Home library | Current library | Date acquired | Full call number | Accession Number | Price effective from | Koha item type |
|---|---|---|---|---|---|---|---|---|---|---|
| NASSDOC Library | NASSDOC Library | 08/10/2004 | TR.0117 | 11171 | 18/04/2019 | Thesis |
